000 00594nam a22001937a 4500
005 20251108172513.0
008 250721s9999 xx 000 0 ara d
082 1 4 _a368.463محم
100 1 _aمحمد، إقبال كامل
245 1 0 _aدليل القائدات في حركة المراشدات : إعداد - تدريب /
264 1 _aالقاهرة :
_bدار المعارف،
300 _a230ص.
650 1 7 _aالكشافة
650 1 7 _aالحركة الكشفية
650 1 7 _aالمرشدات
650 1 7 _aمراكز الشباب
942 _2ddc
_cBK
999 _c81041
_d81041